000
00319nam a2200109Ia 4500
008
171204s9999 xx 000 0 und d
245
2
_a
A Practical Guide to Indie Game Marketing:
245
_c
Joel Dreskin
260
_c
2015
650
_x
MARKETING MANAGEMENT
856
_u
http://down.ebook777.com/037/9781138801547.pdf
999
_c
347060
_d
347060